Information technology act 2000 with rules (Record no. 396326)

MARC details
000 -LEADER
fixed length control field 00475 a2200181 4500
005 - DATE & TIME
control field 20260313123220.0
008 - FIXED-LENGTH DATA ELEMENTS--GENERAL INFORMATION
fixed length control field 260313b |||||||| |||| 00| 0 eng d
020 ## - ISBN
International Standard Book Number 9789371267144
Price Rs. 395.00
040 ## - CATALOGING SOURCE
Original cataloging agency VIVEKANANDA LIBRARY
082 ## - DDC NUMBER
Classification number 343.54099
Book Number T199I
100 ## - MAIN ENTRY--PERSONAL NAME
Personal name Taxmann Bare Act
245 ## - TITLE STATEMENT
Title Information technology act 2000 with rules
260 ## - PUBLICATION, DISTRIBUTION, ETC. (IMPRINT)
Name of publisher, distributor, etc Taxmann Publications
Date of publication, distribution, etc 2025
Place of publication, distribution, etc New Delhi
300 ## - PHYSICAL DESCRIPTION
Pages v .
650 ## - Subject
Subject Law
650 ## - Subject
Subject Public Law-India
942 ## - ADDED ENTRY ELEMENTS (KOHA)
Koha item type Books
Holdings
Withdrawn status Lost status Source of classification or shelving scheme Damaged status Not for loan Location (home branch) Sublocation or collection (holding branch) Shelving location Date acquired Koha issues (times borrowed) Koha full call number Accession No. Koha date last seen Koha item type
    Dewey Decimal Classification     VIVEKANANDA LIBRARY VIVEKANANDA LIBRARY Law Library 24/02/2026   343.54099 T199I 378138 24/02/2026 Books
    Dewey Decimal Classification     VIVEKANANDA LIBRARY VIVEKANANDA LIBRARY Law Library 24/02/2026   343.54099 I199I 378136 24/02/2026 Books
    Dewey Decimal Classification     VIVEKANANDA LIBRARY VIVEKANANDA LIBRARY Law Library 24/02/2026   343.54099 T199I 378137 24/02/2026 Books
    Dewey Decimal Classification     VIVEKANANDA LIBRARY VIVEKANANDA LIBRARY Law Library 24/02/2026   343.54099 T199I 378139 24/02/2026 Books
    Dewey Decimal Classification     VIVEKANANDA LIBRARY VIVEKANANDA LIBRARY Law Library 24/02/2026   343.54099 T199I 378135 24/02/2026 Books
© Designed and Maintained by Vivekananda Library, MDU Rohtak